000 00735nam a22002177a 4500
005 20250619145644.0
010 _aDEC24SC ENG-142983 ENG-145492
020 _a9789358708301
_c799.00
035 _aEN-126515
035 _aEN-129024
037 _bDBAD
082 _a000
_21
100 _aGoyal, S. K.
_982152
245 _a104 NTA Papers of JEE Main Mathematics/
_cBy S.K. Goyal
250 _a1
260 _aNew Delhi
_bS Chand and Company Limited
_c2024
270 _a A-27, 2nd Floor, Mohan Co-operative Industrial Estate
_bNew Delhi
_e110044
_minfo@schandpublishing.com
_k011-49731800
300 _a817p.
_c26cm(pb)
500 _aChapter-wise Previous Years’ Solved Papers
942 _2ddc
_cEN
_h000
_mJEE
_e1
999 _c207589
_d207589